| 000 | 00476nam a2200193Ia 4500 | ||
|---|---|---|---|
| 005 | 20250423094745.0 | ||
| 008 | 250422s9999 xx 000 0 und d | ||
| 020 | _a0-03-097302-3 | ||
| 050 | _aQA 845 .M38/ | ||
| 100 | _aMarion, Jerry B. | ||
| 245 | 0 | _aClassical dynamics of particles and systems | |
| 250 | _a4th ed. | ||
| 260 | _aNew York | ||
| 260 | _bSauders College Publishing | ||
| 260 | _c1995 | ||
| 300 | _a638 p | ||
| 650 | _aAngular Velocity | ||
| 942 | _cBK | ||
| 999 |
_c28204 _d28204 |
||